000 01136cab a2200289 4500
001 ABS57191
008 090401t1997 xxu||||| |||| 00| 0 eng d
035 _a(Sirsi) u79045
041 _aeng
100 _aSanders, A-M
245 _aRecent developments with planning agreements
260 _c1997
350 _a0
490 _aScottish Planning and Environmental Law
_v(61) June 1997, 50-52(3)
520 _aDescribes recent developments in planning agreements, which are an area of law which has seen much activity in recent years. Not only have the cases become a litany of the names of well-known supermarkets, the decisions have introduced a good deal of judicial uncertainty and general confusion.
650 _aDEVELOPMENT PLANS
650 _aFOOD SUPERSTORES
650 _aPLANNING AGREEMENTS
650 _aPLANNING AND COMPENSATION ACT 1991
650 _aPLANNING PERMISSIONS
650 _aSUPERSTORES
650 _aTOWN AND COUNTRY PLANNING (SCOTLAND) ACT 1972 S50
650 _aTOWN AND COUNTRY PLANNING (SCOTLAND) ACT 1972
690 _aPLANNING LAW AND PRACTICE
942 _n0
948 _c19/06/1997
999 _c49662
_d49662